00418cam a2200157ua 45000010005000000080039000050400009000440820011000531000016000642450059000802500009001392600036001483000017001846530014002016530045002152054110806n ii |||gr||||Z||||||eng cMAIN a370.54 aRai, B. C.,1 aHistory of indian education and problemscby B. C. Rai a1st. aLucknow:bPrakashan Kendra,996. a189p:c23cm. aEducation aHistory of indian education and problems